Statistics for Broadway Musicals by Composer

Click here to take the quiz!

General Stats

  • This quiz has been taken 326 times
  • The average score is 8 of 14

Answer Stats

HintAnswer% Correct
The Phantom of the OperaAndrew Lloyd Webber
96%
CatsAndrew Lloyd Webber
83%
Into the WoodsStephen Sondheim
73%
WickedStephen Schwartz
64%
Beauty and the BeastAlan Menken
62%
OklahomaRichard Rodgers
62%
South PacificRichard Rodgers
59%
Sunday in the Park with GeorgeStephen Sondheim
59%
West Side StoryLeonard Bernstein
53%
The Book of MormonTrey Parker/Matt Stone/Robert Lopez
48%
NewsiesAlan Menken
45%
GodspellStephen Schwartz
43%
Les MisérablesClaude-Michel Schönberg
40%
Music ManMeredith Wilson
31%

Score Distribution

Percentile by Number Answered

Percent of People with Each Score

Your Score History

You have not taken this quiz